01149nam a22002175i 4500001000700000003000900007005001700016008004100033080001500074100004700089245027700136260018200413300002100595500002700616504003000643650003200673710003600705852004200741999001900783952012900802178712ES-MaACL20230906220605.0110613s1974 sp |||| | spa d a159.922.761 aVerdaguer Masllorens, Juan Manuel.914715611a"Problemas actuales que plantea el diagnóstico y tratamiento de los trastornos del comportamiento del niño en los centros médico psico-pedagógicos" / cresumen de la tesis presentada para aspirar al grado de doctor en medicina por Juan Manuel Verdaguer Masllorens. aBarcelona : bUniversidad de Barcelona, Secretariado de Publicaciones, Intercambio Científico y Extensión Universitaria : bEdiciones de la Universidad de Barcelona, c1974. a21 p. ; c24 cm. aCub. tomada como port. aBibliografía: p. 19-21. 4aNiños-xConducta.91365982 aUniversidad de Barcelona.97141 aES-MaACLjE-15361 (115) xOlim P-1374 c178712d178712 00104070aATENEOMbATENEOMcDEPO2d2011-06-13eDONl0oE-15361 (115)p1187724r2023-02-23 00:00:00w2023-02-23yMONOGRAFIA